Statistics for Popular Movies of the 70s

Click here to take the quiz!

General Stats

  • This quiz has been taken 99 times
  • The average score is 13 of 25

Answer Stats

CharacterMovie% Correct
Rocky BalboaRocky
95%
Luke SkywalkerStar Wars: A New Hope
94%
Clark KentSuperman
93%
Vito CorleoneThe Godfather
86%
Danny ZukoGrease
84%
Willy WonkaWilly Wonka and the Chocolate Factory
79%
Ellen RipleyAlien
75%
Michael CorleoneThe Godfather Part II
75%
Nurse RatchedOne Flew Over the Cuckoo's Nest
69%
Carrie WhiteCarrie
65%
Travis BickleTaxi Driver
56%
LeatherfaceThe Texas Chainsaw Massacre
55%
HarryDirty Harry
44%
Martin BrodyJaws
39%
Regan MacNeilThe Exorcist
39%
Laurie StrodeHalloween
35%
Damien ThornThe Omen
35%
Tony ManeroSaturday Night Fever
32%
AlexA Clockwork Orange
31%
Bob WoodwardAll The President's Men
29%
King ArthurMonty Python and the Holy Grail
28%
J.J. GittesChinatown
16%
Lord SummerisleThe Wicker Man
12%
LeeEnter The Dragon
8%
Sol RothSoylent Green
6%

Score Distribution

Percentile by Number Answered

Percent of People with Each Score

Your Score History

You have not taken this quiz